000 02488nam a22003497a 4500
005 20100803162737.0
008 100412t xxu||||| |||| 00| 0 ur d
020 _c150.00
_a9788182235762
035 _aB-395325-331
037 _bEducational Publishing House
040 _adpl
_bur
082 _aن
100 _aہیگرڈ، رائيڈر
_9616
245 _a گنج سليمان /
_c ‎‎‎‎رائيڈر، ہیگرڈ متر چم مظہرالحق علوی
_b
246 _aGanje-E-Sulaiman /
_bby Rider Haggard; translated by Mazharul-Haq Alvi
260 _a دلّی
_bایجوکيشنل پبلشنگ ہاؤس
_c2009
270 _a3108,VakilStreet, Kucha Pandit, Lal Kuan
_b Delhi
_e110006
_k23216162, 23214465
_m info@ephbooks.com, ephdelhi@yahoo.com
_l0091-11-23211540
300 _a176 ص
_c22 س م (Hb)
500 _a
600 _aکہا نی
_9966
600 _aStory
_9967
700 _94765
_aعلوی مظہرالحق
942 _2ddc
_cUR
_hن
_mہ ے گ
999 _c39064
_d39064